01178nam a22002657a 4500003000900000008004100009020002200050040007100072082001800143100002900161245004600190260006600236300003300302505031600335650003600651650002800687650002700715650002900742650002400771650002900795650001500824650003600839650001500875856002200890AR-CdUCM260108b2024    pe ||||| |||| 00| 0 spa d  a978-612-4236-48-8  aMUNICIPALIDAD PROVINCIAL DEL CUSCOcBIBLIOTECA MUNICIPAL DEL CUSCO  a306.6 /bC513  aChacón Málaga, Hugo.  aSabiduría filosófica del Yawar Mayu :  aCuscobUniversidad Nacional San Antonio Abad del Cusco.c2024  a341 Páginas. :c17 x 24cm.  aPasado y presente -- Bases de interpretación de la civilización andina -- Espacio-tiempo helicoide -- Rostros y permanencia del espacio-tiempo -- Mito y magia -- Nuevo orden civilizatorio -- Orientaciones ideológicas -- El modelo de desarrollo -- Aspectos programáticos -- Sabiduría del Yawar Mayu....  aAntagonismo en nuestra sociedad  aEl pensamiento mítico  aLa pluralidad cultural  aLa constelación Qollqa  aEl presente extenso  aEl relato del Qoricancha  aLos Ceques  aLas expropiaciones de occidente  aYawar Mayu  fwww.unsaac.edu.pe